Civil service reform in francophone Africa : (Record no. 9446)
[ view plain ]
| 000 -LEADER | |
|---|---|
| fixed length control field | 00942cam a2200241 a 4500 |
| 001 - CONTROL NUMBER | |
| control field | 4488142 |
| 005 - DATE AND TIME OF LATEST TRANSACTION | |
| control field | 20260422124433.0 |
| 008 - FIXED-LENGTH DATA ELEMENTS--GENERAL INFORMATION | |
| fixed length control field | 970212s1997 dcu i100 0 eng |
| 020 ## - INTERNATIONAL STANDARD BOOK NUMBER | |
| International Standard Book Number | 0821339109 |
| 020 ## - INTERNATIONAL STANDARD BOOK NUMBER | |
| International Standard Book Number | 9780821339107 |
| 050 00 - LIBRARY OF CONGRESS CALL NUMBER | |
| Classification number | JQ3349.5 |
| Item number | .C58 1997 |
| 082 00 - DEWEY DECIMAL CLASSIFICATION NUMBER | |
| Classification number | 352.6/3/09660917541 |
| Edition information | 21 |
| 245 00 - TITLE STATEMENT | |
| Title | Civil service reform in francophone Africa : |
| Remainder of title | proceedings of a workshop, Abidjan, January 23-26, 1996 / |
| Statement of responsibility, etc. | edited by Ladipo Adamolekun, Guy de Lusignan, Armand Atomate. |
| 260 ## - PUBLICATION, DISTRIBUTION, ETC. | |
| Place of publication, distribution, etc. | Washington, D.C. : |
| Name of publisher, distributor, etc. | World Bank, |
| Date of publication, distribution, etc. | c1997. |
| 300 ## - PHYSICAL DESCRIPTION | |
| Extent | ix, 159 p. ; |
| Dimensions | 28 cm. |
| 500 ## - GENERAL NOTE | |
| General note | "Regional Workshop on Civil Service Reform in Francophone Africa"--Foreword. |
| 650 #0 - SUBJECT ADDED ENTRY--TOPICAL TERM | |
| Topical term or geographic name entry element | Civil service reform |
| Geographic subdivision | Africa, French-speaking |
| General subdivision | Congresses. |
| 650 #0 - SUBJECT ADDED ENTRY--TOPICAL TERM | |
| Topical term or geographic name entry element | Civil service reform |
| Geographic subdivision | Africa, Sub-Saharan |
| General subdivision | Congresses. |
| 700 1# - ADDED ENTRY--PERSONAL NAME | |
| Personal name | Adamolekun, 'Ladipo. |
| 700 1# - ADDED ENTRY--PERSONAL NAME | |
| Personal name | Lusignan, Guy de. |
| 700 1# - ADDED ENTRY--PERSONAL NAME | |
| Personal name | Atomate, Armand, |
| Dates associated with a name | 1959- |
| 942 ## - ADDED ENTRY ELEMENTS (KOHA) | |
| Source of classification or shelving scheme | Library of Congress Classification |
| Koha item type | Books |
| Suppress in OPAC | No |
| 999 ## - | |
| -- | 9446 |
| -- | 9446 |
| Withdrawn status | Lost status | Source of classification or shelving scheme | Damaged status | Not for loan | Collection | Home library | Current library | Shelving location | Date acquired | Total checkouts | Full call number | Barcode | Date last seen | Copy number | Price effective from | Koha item type |
|---|---|---|---|---|---|---|---|---|---|---|---|---|---|---|---|---|
| Library of Congress Classification | Non-fiction | Business Library (Miotso) | Business Library (Miotso) | General stacks | 04/22/2026 | JQ3349.5 .C58 1997 | BSSM00003528 | 04/22/2026 | 1 | 04/22/2026 | Books |